000 01668cam a22005054i 4500
003 PE-LiUPU
005 20250731165557.0
008 150625s r 000 0 d
035 _a(Sirsi) a36535
035 _a(Sirsi) a36535
040 _aPE-LiUPU
_bspa
_cPE-LiUPU
_erda
082 0 4 _a226.1
_bB38
_221
100 1 _aBenoit, Pierre,
_eautor.
245 1 0 _aSnopsis de los cuatro evangelios.
_n1 /
_cPierre Benoit.
264 1 _aBilbao :
_bDesclee de Brouwer,
_c1975.
300 _a374 páginas ;
_c28 cm.
336 _atext
_2rdacontent
337 _aunmediated
_2rdamedia
338 _avolume
_2rdacarrier
505 0 _aRegistro de critica textual. -Registro de los textos paralelos.
526 _aSEG44
526 _aSEG26
526 _aP151
526 _aP150
526 _aP149
526 _aP146
526 _aP145
526 _aP126
526 _aP125
526 _aP92
526 _aP75
526 _aP74
526 _aP27
526 _aP15
630 _aBiblia.
_pN.T.
_pEvangelios
_xComentarios.
700 1 _aBoismard, M.E.
700 1 _aMatillos J. L.
910 _a
942 _2ddc
_cBOOK
949 _aRC 226.1 B38 1
_wDEWEY
_c1
_i37049
_lRC
_mBUL
_r0
_sY
_tBOOK
_u2015-6-25
_xBIBLIOTECA
_zUNKNOWN
_0COMPRA
_o.CIRCNOTE. No olvidar cambiar la fecha de devolución!!!!!!!
_o.STAFF. Colección General
994 _aC0
_bPEPRU
596 _a1
999 _aRC 226.1 B38 1
_wDEWEY
_c44618
_i37049
_f2021-11-8
_g6
_lCCODEBUL1
_mBUL
_r1
_sY
_tBOOK
_u2015-6-25
_xTEOLOGIA
_zUNKNOWN
_0COMPRA
_o.CIRCNOTE. No olvidar cambiar la fecha de devolución!!!!!!!
_o.STAFF. Colección General
_d44618
980 _81
_gALBERTO SANCHEZ Responsable de Automatización